Journal of economics & management strategy

Enregistré dans:
Détails bibliographiques
Format: Publication en série
Langue:anglais
Publié: Cambridge Massachusetts Institute of Technology 1999
Sujets:
Tags: Ajouter un tag
Pas de tags, Soyez le premier à ajouter un tag!

MARC

LEADER 00000nas2a2200000 4500
001 s124025
005 20231103122531.2
022 |a 1058-6407 
041 0 |a eng 
044 |a US 
245 1 0 |a Journal of economics & management strategy 
264 1 |a Cambridge  |b Massachusetts Institute of Technology  |c 1999 
300 |a 1 zv. 
773 0 |w eu_un_cat*s122421 
610 2 0 |a riadenie strategické 
610 2 0 |a ekonómia 
610 2 0 |a teória riadenia